000 00313nam a22001337a 4500
008 230829b ||||| |||| 00| 0 eng d
041 _aeng
080 _a7
082 _a7
100 _a19
101 _aART
245 _aPARADISE LOST OAINTINGS ON PAPER FROM 1940s AND 1950s
_cCLIFFORD ODETS
942 _2udc
_cBK
999 _c60204
_d60204